Normal view
MARC view
- C LANGUAGE-ENCYCLOPEDIA COMPUTER PROGRAMME LANGUAGE-C
Entry Topical Term
001 - CONTROL NUMBER
- control field: 65853
003 - CONTROL NUMBER IDENTIFIER
- control field: NUST
005 - DATE AND TIME OF LATEST TRANSACTION
- control field: 20210628203511.0
008 - FIXED-LENGTH DATA ELEMENTS
- fixed length control field: 210628|| aca||aabn | a|a d
040 ## - CATALOGING SOURCE
- Original cataloging agency: NUST
- Transcribing agency: NUST
150 ## - HEADING--TOPICAL TERM
- Topical term or geographic name entry element: C LANGUAGE-ENCYCLOPEDIA COMPUTER PROGRAMME LANGUAGE-C
670 ## - SOURCE DATA FOUND
- Source citation: Work cat.: (NUST): Radcliffe, Robert.A 65852, Encyclopedia of c language, 1992
